Elementary Differential Equations (Record no. 7664)
[ view plain ]
| 000 -LEADER | |
|---|---|
| fixed length control field | 00566nam a22002057a 4500 |
| 003 - CONTROL NUMBER IDENTIFIER | |
| control field | OSt |
| 005 - DATE AND TIME OF LATEST TRANSACTION | |
| control field | 20240424122005.0 |
| 008 - FIXED-LENGTH DATA ELEMENTS--GENERAL INFORMATION | |
| fixed length control field | 150612b xxu||||| |||| 00| 0 eng d |
| 020 ## - INTERNATIONAL STANDARD BOOK NUMBER | |
| International Standard Book Number | 9780470039403 |
| 040 ## - CATALOGING SOURCE | |
| Transcribing agency | DDC |
| 082 ## - DEWEY DECIMAL CLASSIFICATION NUMBER | |
| Classification number | 515.6 BOY 2009 |
| 100 ## - MAIN ENTRY--PERSONAL NAME | |
| Personal name | Boyce,William E; DiPrima,C. Richard; |
| 9 (RLIN) | 5276 |
| 245 ## - TITLE STATEMENT | |
| Title | Elementary Differential Equations |
| 250 ## - EDITION STATEMENT | |
| Edition statement | 9th ed. |
| 260 ## - PUBLICATION, DISTRIBUTION, ETC. (IMPRINT) | |
| Place of publication, distribution, etc. | England; |
| Name of publisher, distributor, etc. | Pearson, |
| Date of publication, distribution, etc. | 2009 |
| 300 ## - PHYSICAL DESCRIPTION | |
| Extent | xiii,632p; |
| Other physical details | Col. ill: |
| Dimensions | 27cm |
| 504 ## - BIBLIOGRAPHY, ETC. NOTE | |
| Bibliography, etc | Answers, & index included |
| 650 ## - SUBJECT ADDED ENTRY--TOPICAL TERM | |
| Topical term or geographic name as entry element | Differential equations |
| 9 (RLIN) | 5277 |
| 942 ## - ADDED ENTRY ELEMENTS (KOHA) | |
| Source of classification or shelving scheme | Dewey Decimal Classification |
| Koha item type | Open Shelf |
| Withdrawn status | Lost status | Source of classification or shelving scheme | Damaged status | Not for loan | Home library | Current library | Date acquired | Source of acquisition | Inventory number | Total Checkouts | Full call number | Barcode | Date last seen | Date last checked out | Koha item type | Price effective from |
|---|---|---|---|---|---|---|---|---|---|---|---|---|---|---|---|---|
| Dewey Decimal Classification | MUST Main Library | MUST Main Library | 01/02/2022 | Purchase | 11/33472 | 1 | 515.6 BOY 2009 | 2022-0128 | 11/02/2022 | 01/02/2022 | Open Shelf | |||||
| Dewey Decimal Classification | MUST Main Library | MUST Main Library | 24/04/2024 | Purchase | 11/33471 | 515.6 BOY 2009 | 2024-0160 | 24/04/2024 | Open Shelf | |||||||
| Other/Generic Classification Scheme | Main Kihumuro Campus | Main Kihumuro Campus | 05/06/2024 | 515.6 BOY 2009 | 2024-20219 | 05/06/2024 | Book | 05/06/2024 |
